000 01193nam a22003497a 4500
003 CHAP
005 20220329133003.0
008 971013s1990 r 00010 d
010 _a974
011 _a1946
035 _a1131
040 _cCHAP
090 _aTesis
100 0 0 _aMarroquín Andrade, Lila M.
_971558
245 _aBúsqueda de métodos in vitro e invernadero para la determinación del tipo de resistencia en durazno a la cenicilla
260 _aMontecillo, Méx. :
_bEl autor,
_c1990
300 _a54 h.
500 _a39-209
502 _aTesis (M.C. en Esp. en Fruticultura) -- C.P. Centro de Fruticultura
590 _aALEPH
_b10
_c20130110
_lUCH01
_h1207
590 _aBATCH-UPD
_b10
_c20130110
_lUCH01
_h0951
590 _aBATCH-UPD
_b10
_c20130410
_lUCH01
_h0604
590 _aBATCH-UPD
_b10
_c20130914
_lUCH01
_h1224
590 _aCONVERSION
_b10
_c20130109
_lUCH01
_h1302
650 1 4 _aDurazno
_xEnfermedades.
_934594
650 1 4 _aSphaerotheca pannosa.
_9109209
901 _aBK
942 _cFOLL
949 _bBC
_cTES
_d-10595
_eTS1
_h23185
_i1131
_si
949 _bBC
_cTES
_d-70366
_eTS2
_fc.2
_h23186
_i1131
_si
949 _bBC
_cTES
_d33724000633772
_eTS2
_fc.3
_h31087
_i1131
_si
999 _c974
_d974